| 000 | 01525nmm a2200433 a 4500 | ||
|---|---|---|---|
| 003 | AR-BaBNM | ||
| 005 | 20251128203643.0 | ||
| 008 | 011101s1980 ||||||||||||||000 | spa|| | ||
| 040 | _cAR-BaBNM | ||
| 245 | 1 | 0 |
_aEl niño con dificultades para aprender _bsymposium el niño con trastornos de aprendizaje |
| 260 |
_aSantiago de Chile _bGaldoc _bUNICEF _bUniversidad Católica de Chile _bAlfabeta Impresores _c1980 |
||
| 300 | 0 |
_a370 p. _bdiagr., tablas |
|
| 500 | 0 | _aContiene en apéndice: Análisis y conclusiones del Symposium | |
| 500 | 0 | _aResumenes de trabajos presentados en las comisiones de estudios | |
| 500 | 0 | _aLista de participantes que presentaron trabajos | |
| 504 | _aContiene bibliografía al final de cada capítulo | ||
| 610 | 2 | 4 | _aAño Internacional del Niño |
| 650 | 4 | _aTEORIAS DEL APRENDIZAJE | |
| 650 | 4 | _aDIFICULTADES EN EL APRENDIZAJE | |
| 650 | 4 | _aDIFICULTAD EN LA LECTURA | |
| 650 | 4 | _aDISLEXIA | |
| 650 | 4 | _aENFERMEDADES DEL SISTEMA NERVIOSO | |
| 650 | 4 | _aTRASTORNOS DEL HABLA | |
| 650 | 4 | _aTRASTORNOS EMOCIONALES | |
| 650 | 4 | _aPROCESO DE APRENDIZAJE | |
| 653 | 0 | _aCOMPRENSION LECTORA | |
| 700 | 1 |
_aBravo Valdivieso, Luis _ecoordinador |
|
| 700 | 1 | _aSiegel, Paul | |
| 700 | 1 | _aChadwick, Mariana | |
| 700 | 1 | _aVaccaro, Liliana | |
| 700 | 1 | _aSchiefelbein, Ernesto | |
| 700 | 1 | _aCerda, Ana María | |
| 700 | 1 | _aGoodman, Kenneth S. | |
| 700 | 1 | _aDonoso, Archibaldo | |
| 700 | 1 | _aKernberg, Paulina | |
| 700 | 1 | _aJiménez, Gustavo A. | |
| 942 | _cBK | ||
| 998 | _csilvi | ||
| 999 |
_c4339 _d4339 |
||